[Event "ETCC"]
[Site "Crete GRE"]
[Date "2007.11.06"]
[Round "9"]
[White "Radjabov, T."]
[Black "Fressinet, L."]
[Result "1-0"]
[WhiteElo "2742"]
[BlackElo "2654"]
[PlyCount "115"]
[EventDate "2007.10.28"]
[SourceDate "1999.07.01"]

1. e4 e5 2. Nf3 Nc6 3. Bb5 Nf6 4. d3 Bc5 5. c3 O-O 6. O-O d6 7. Nbd2 Bb6 8. Nc4
Ne7 9. h3 Ng6 10. Ba4 h6 11. Re1 Be6 12. Nxb6 axb6 13. d4 Bd7 14. Bc2 Re8 15.
Nh2 Bc6 16. Ng4 Nxg4 17. Qxg4 Ba4 18. Bd3 Bd7 19. Qf3 Qh4 20. Bd2 Re6 21. d5
Ree8 22. Bf1 Rf8 23. g3 Qe7 24. Qh5 Be8 25. h4 Qd7 26. Qe2 Qd8 27. h5 Ne7 28.
g4 f6 29. c4 Bd7 30. f3 Qe8 31. Qe3 Qf7 32. Bd3 Ra4 33. b3 Ra7 34. a4 Rfa8 35.
Rac1 Qe8 36. Kf2 Qd8 37. Rg1 Kh8 38. Rg2 Ng8 39. Bc3 Qe7 40. Rcg1 Qf7 41. Ke1
Qe7 42. f4 exf4 43. Qxf4 Rf8 44. Kd2 Raa8 45. Qe3 Rae8 46. Bc2 Qf7 47. Rf2 Re5
48. Bxe5 dxe5 49. c5 Qe7 50. b4 Ra8 51. Rff1 Bxa4 52. Ra1 b5 53. Ra3 Qd7 54.
Qf3 b6 55. c6 Qe7 56. Kc3 f5 57. gxf5 Nf6 58. Rga1 1-0

[Event "ETCC"]
[Site "Crete GRE"]
[Date "2007.10.30"]
[Round "3"]
[White "Sutovsky, E."]
[Black "Ivanchuk, V."]
[Result "1/2-1/2"]
[WhiteElo "2655"]
[BlackElo "2787"]
[PlyCount "54"]
[EventDate "2007.10.28"]
[SourceDate "1999.07.01"]

1. e4 e5 2. Nf3 Nc6 3. Bb5 Nf6 4. d3 Bc5 5. Bxc6 dxc6 6. Be3 Bxe3 7. fxe3 Bg4
8. h3 Bxf3 9. Qxf3 Nd7 10. Nc3 Qh4+ 11. Kd2 Qe7 12. Raf1 f6 13. g4 O-O-O 14. h4
h6 15. Qf5 Rdf8 16. Qg6 Nc5 17. g5 hxg5 18. hxg5 Rxh1 19. Rxh1 fxg5 20. Ke2 Ne6
21. Rf1 Rf6 22. Rxf6 gxf6 23. Nd1 Nf8 24. Qg8 b6 25. Nf2 Kb7 26. Ng4 Nd7 27. a3
a5 1/2-1/2

[Event "ETCC"]
[Site "Crete GRE"]
[Date "2007.11.04"]
[Round "7"]
[White "Sutovsky, E."]
[Black "Carlsen, M."]
[Result "1/2-1/2"]
[WhiteElo "2655"]
[BlackElo "2714"]
[PlyCount "171"]
[EventDate "2007.10.28"]
[SourceDate "1999.07.01"]

1. e4 e5 2. Nf3 Nc6 3. Bb5 Nf6 4. d3 Bc5 5. Bxc6 dxc6 6. Be3 Bxe3 7. fxe3 Qe7
8. O-O Ng4 9. Qd2 f6 10. Nh4 g6 11. Nc3 Bd7 12. Rf3 f5 13. g3 Nf6 14. exf5 g5
15. Ng2 e4 16. Nxe4 Nxe4 17. dxe4 O-O-O 18. Qa5 Qxe4 19. Qxa7 Bxf5 20. Raf1 Bh3
21. Qa8+ Kd7 22. Qa3 Kc8 23. Qa8+ Kd7 24. Rf7+ Ke8 25. Rf8+ Rxf8 26. Rxf8+ Kxf8
27. Qxd8+ Kf7 28. Qd2 Ke8 29. Ne1 Qc4 30. Qd3 Qb4 31. Nf3 Qxb2 32. Nxg5 Qa1+
33. Kf2 Qf6+ 34. Nf3 Bf5 35. Qd4 Qf7 36. Qh8+ Ke7 37. Qe5+ Kd7 38. Qd4+ Ke8 39.
Qh8+ Ke7 40. Qe5+ Kd7 41. Qf4 Qd5 42. c4 Qa5 43. a3 Bg6 44. Qd4+ Ke6 45. Qg7
Qa4 46. g4 Qc2+ 47. Kg3 Qc1 48. Ng5+ Kd6 49. Qd4+ Ke7 50. Qe5+ Kd7 51. Qd4+ Ke7
52. Qc5+ Kd7 53. Nf3 b6 54. Qd4+ Kc8 55. a4 c5 56. Qf4 Bc2 57. h4 Bxa4 58. h5
Bc6 59. g5 Qh1 60. Qg4+ Bd7 61. Qh4 Qb1 62. g6 hxg6 63. h6 g5 64. Qxg5 Bf5 65.
Qg8+ Kb7 66. Qd5+ Kb8 67. Kf4 Bh7 68. Qd8+ Kb7 69. Qd5+ Kb8 70. e4 Qh1 71. Qd8+
Kb7 72. Qd5+ Kb8 73. Qd8+ Kb7 74. Qd5+ Kb8 75. Qe6 Qc1+ 76. Kg4 Qc2 77. Kf4
Qc1+ 78. Kg4 Qc2 79. Ng5 Qe2+ 80. Kh4 Qf2+ 81. Kh5 Qe2+ 82. Kh4 Qe1+ 83. Kh5
Qe2+ 84. Kh4 Qe1+ 85. Kg4 Qe2+ 86. Kh4 1/2-1/2

[Event "ch-Euro Blitz"]
[Site "Ajaccio FRA"]
[Date "2007.10.26"]
[Round "25"]
[White "Fressinet, L."]
[Black "Bacrot, E."]
[Result "1/2-1/2"]
[WhiteElo "2654"]
[BlackElo "2695"]
[PlyCount "47"]
[EventDate "2007.10.25"]
[SourceDate "1999.07.01"]

1. e4 e5 2. Nf3 Nc6 3. Bb5 Nf6 4. d4 exd4 5. O-O Be7 6. Re1 a6 7. Ba4 d6 8.
Bxc6+ bxc6 9. Nxd4 Bd7 10. Nc3 O-O 11. Qf3 Re8 12. Nf5 Bxf5 13. Qxf5 Qd7 14.
Qf3 Qg4 15. Qd3 Bf8 16. h3 Qe6 17. Bf4 Nd7 18. b3 g6 19. Rad1 Bg7 20. Na4 Nf6
21. Nc3 Nd7 22. Na4 Nf6 23. Nc3 Nd7 24. Na4 1/2-1/2

[Event "Casino"]
[Site "Barcelona ESP"]
[Date "2007.10.20"]
[Round "3"]
[White "Dominguez Perez, L."]
[Black "Krasenkow, M."]
[Result "1/2-1/2"]
[WhiteElo "2683"]
[BlackElo "2668"]
[PlyCount "122"]
[EventDate "2007.10.18"]
[SourceDate "1999.07.01"]

1. e4 e5 2. Nf3 Nc6 3. Bb5 Nf6 4. O-O Nxe4 5. d4 Nd6 6. Bxc6 dxc6 7. dxe5 Nf5
8. Qxd8+ Kxd8 9. Nc3 Ne7 10. h3 Ng6 11. a3 Be7 12. Be3 h5 13. Rad1+ Ke8 14.
Rfe1 a6 15. Ne4 Bf5 16. Bc1 Rd8 17. Rxd8+ Kxd8 18. Nd4 Bd7 19. Bg5 b6 20. f4 c5
21. Ne2 Ke8 22. Bxe7 Kxe7 23. N4c3 Bc6 24. Rd1 Ke6 25. g3 Ne7 26. Kf2 Nf5 27.
Rd2 f6 28. exf6 gxf6 29. Nd1 Nd6 30. Nec3 b5 31. Re2+ Kf7 32. Ne3 b4 33. axb4
cxb4 34. Ncd5 a5 35. Re1 Rd8 36. Rd1 Ne4+ 37. Ke1 Nxg3 38. Nxc7 Rc8 39. Ncd5
Re8 40. Kf2 Ne4+ 41. Ke2 Rd8 42. Rd4 f5 43. Rd1 h4 44. Nb6 Rxd1 45. Kxd1 Ke6
46. Ke1 a4 47. Nbc4 Bb5 48. Nd2 a3 49. bxa3 bxa3 50. Nb3 Bc6 51. Na1 Nf6 52.
Nc4 a2 53. Ne5 Be4 54. Ng6 Nd5 55. Kd2 Kf6 56. Nxh4 Nxf4 57. Nxf5 Bxf5 58. Kc3
Be6 59. Kb2 Nd5 60. Kxa2 Bxh3 61. Kb2 Ke5 1/2-1/2

[Event "Bundesliga 2007-8"]
[Site "Wattenscheid GER"]
[Date "2007.10.19"]
[Round "7"]
[White "Stellwagen, D."]
[Black "Eljanov, P."]
[Result "0-1"]
[WhiteElo "2639"]
[BlackElo "2691"]
[PlyCount "76"]
[EventDate "2007.10.19"]
[SourceDate "1999.07.01"]

1. e4 e5 2. Nf3 Nc6 3. Bb5 Nf6 4. O-O Nxe4 5. d4 Nd6 6. Bxc6 dxc6 7. dxe5 Nf5
8. Qxd8+ Kxd8 9. Nc3 Bd7 10. b3 Kc8 11. Bb2 Be7 12. Ne4 h5 13. Nfg5 Bxg5 14.
Nxg5 Be6 15. h3 c5 16. g4 Ne7 17. f3 Kd7 18. Kf2 Kc6 19. Kg3 a5 20. f4 g6 21.
a4 Rh6 22. Rf2 hxg4 23. hxg4 Rah8 24. Raf1 Rh1 25. c4 b6 26. Rxh1 Rxh1 27. Nxe6
fxe6 28. Rh2 Rxh2 29. Kxh2 g5 30. Kg3 Kd7 31. Kf3 Ke8 32. fxg5 Kf7 33. Ke4 Nc6
34. Bc3 Kg6 35. Kf4 Nd4 36. Bxd4 cxd4 37. Ke4 c5 38. Kf4 d3 0-1

[Event "24th ECC"]
[Site "Kallithea GRE"]
[Date "2008.10.20"]
[Round "4"]
[White "Radjabov, T."]
[Black "Carlsen, M."]
[Result "1/2-1/2"]
[WhiteElo "2751"]
[BlackElo "2786"]
[PlyCount "62"]
[EventDate "2008.10.17"]
[SourceDate "1999.07.01"]

1. e4 e5 2. Nf3 Nc6 3. Bb5 Nf6 4. O-O Nxe4 5. d4 Nd6 6. Bxc6 dxc6 7. dxe5 Nf5
8. Qxd8+ Kxd8 9. Nc3 Ke8 10. h3 b6 11. a3 Bb7 12. Bf4 c5 13. Rad1 Bxf3 14. gxf3
c6 15. Be3 Rd8 16. Ne4 Be7 17. f4 f6 18. Rxd8+ Kxd8 19. Ng3 Nh4 20. Rd1+ Kc8
21. Kf1 c4 22. Ke2 Rd8 23. Rd4 Rxd4 24. Bxd4 c5 25. Bc3 fxe5 26. fxe5 Kd7 27.
Ke3 Ke6 28. Ke4 g6 29. a4 a6 30. f4 Nf5 31. Nxf5 gxf5+ 1/2-1/2

[Event "24th ECC"]
[Site "Kallithea GRE"]
[Date "2008.10.20"]
[Round "4"]
[White "Volokitin, And"]
[Black "Bacrot, E."]
[Result "1/2-1/2"]
[WhiteElo "2659"]
[BlackElo "2705"]
[PlyCount "85"]
[EventDate "2008.10.17"]
[SourceDate "1999.07.01"]

1. e4 e5 2. Nf3 Nc6 3. Bb5 Nf6 4. O-O Nxe4 5. d4 Nd6 6. Bxc6 dxc6 7. dxe5 Nf5
8. Qxd8+ Kxd8 9. Nc3 Ne7 10. h3 Ng6 11. Ne4 h6 12. b3 c5 13. Bb2 Kd7 14. e6+
Kxe6 15. Rfe1 Kd5 16. Rad1+ Kc6 17. Rd8 b5 18. h4 Bd6 19. Rxh8 Nxh8 20. Bxg7
Bg4 21. Ne5+ Bxe5 22. Bxe5 Ng6 23. Bg3 Re8 24. f3 Bf5 25. h5 Nf8 26. Bf4 Nd7
27. g4 Bh7 28. Bxh6 Nf6 29. Nxf6 Rxe1+ 30. Kf2 Re6 31. Nxh7 Rxh6 32. Ng5 f6 33.
Ne4 f5 34. Ng3 fxg4 35. fxg4 Kd5 36. g5 Rd6 37. h6 Ke6 38. Ne4 Rd8 39. Ng3 Kf7
40. Nh5 Kg6 41. Nf4+ Kh7 42. Ke3 c4 43. bxc4 1/2-1/2

[Event "24th ECC"]
[Site "Kallithea GRE"]
[Date "2008.10.20"]
[Round "4"]
[White "Adams, Mi"]
[Black "Wang Yue"]
[Result "1/2-1/2"]
[WhiteElo "2734"]
[BlackElo "2736"]
[PlyCount "125"]
[EventDate "2008.10.17"]
[SourceDate "1999.07.01"]

1. e4 e5 2. Nf3 Nc6 3. Bb5 Nf6 4. O-O Nxe4 5. d4 Nd6 6. Bxc6 dxc6 7. dxe5 Nf5
8. Qxd8+ Kxd8 9. Nc3 Ke8 10. h3 Be7 11. g4 Nh4 12. Nxh4 Bxh4 13. Rd1 Be7 14.
Kg2 h5 15. f3 Be6 16. Ne2 Rd8 17. Be3 a6 18. Nf4 g6 19. b3 Rd7 20. Nd3 Kd8 21.
Nc5 Rxd1 22. Rxd1+ Kc8 23. Nxe6 fxe6 24. f4 b5 25. Bf2 Rh7 26. Rd3 hxg4 27.
hxg4 Rh8 28. Rh3 Rxh3 29. Kxh3 Kd7 30. c4 Bb4 31. Kg2 Ke8 32. Kf3 Bd2 33. Ke4
Bb4 34. Bh4 Bd2 35. Bf2 Bb4 36. Kd3 Kd7 37. Be3 Ba5 38. Bd2 Bb6 39. Be3 Ba5 40.
a3 Be1 41. Bc5 Bg3 42. Ke3 Bh4 43. Bb4 Kd8 44. Kf3 Kd7 45. Kg2 Ke8 46. Kf3 Kd7
47. Ke4 Bf2 48. f5 gxf5+ 49. gxf5 exf5+ 50. Kxf5 bxc4 51. bxc4 Bd4 52. Kf6 Bb2
53. Bc5 Bc3 54. Kf5 Bb2 55. Kf6 Bc3 56. Be3 Bb2 57. a4 Bc3 58. Bf4 Ke8 59. Ke6
Bb4 60. Be3 Ba5 61. Bc5 Bc3 62. Be3 Ba5 63. Bf4 1/2-1/2

[Event "24th ECC"]
[Site "Kallithea GRE"]
[Date "2008.10.23"]
[Round "7"]
[White "Volokitin, And"]
[Black "Jakovenko, D."]
[Result "1/2-1/2"]
[WhiteElo "2659"]
[BlackElo "2737"]
[PlyCount "38"]
[EventDate "2008.10.17"]
[SourceDate "1999.07.01"]

1. e4 e5 2. Nf3 Nc6 3. Bb5 Nf6 4. O-O Nxe4 5. d4 Nd6 6. Bxc6 dxc6 7. dxe5 Nf5
8. Qxd8+ Kxd8 9. Nc3 Ne7 10. h3 Ng6 11. Ne4 h6 12. b3 a5 13. a4 c5 14. Rd1+ Bd7
15. h4 Kc8 16. h5 Ne7 17. Nh2 Nc6 18. Bb2 Bf5 19. Re1 Be6 1/2-1/2

[Event "24th ECC"]
[Site "Kallithea GRE"]
[Date "2008.10.18"]
[Round "2"]
[White "Jakovenko, D."]
[Black "Eljanov, P."]
[Result "1/2-1/2"]
[WhiteElo "2737"]
[BlackElo "2720"]
[PlyCount "86"]
[EventDate "2008.10.17"]
[SourceDate "1999.07.01"]

1. e4 e5 2. Nf3 Nc6 3. Bb5 Nf6 4. O-O Nxe4 5. d4 Nd6 6. Bxc6 dxc6 7. dxe5 Nf5
8. Qxd8+ Kxd8 9. Nc3 Ne7 10. h3 Ng6 11. Ne4 h6 12. b3 a5 13. a4 c5 14. Bb2 Bf5
15. Rfe1 Nf4 16. Kh2 Be7 17. Rad1+ Kc8 18. g4 Bg6 19. Kg3 Ne6 20. Re2 h5 21.
Bc1 Ra6 22. Nc3 c4 23. Nd5 Bd8 24. Nf4 Nxf4 25. Bxf4 cxb3 26. cxb3 hxg4 27.
hxg4 Rb6 28. Nd4 Rb4 29. Be3 Be4 30. f3 Bd5 31. Rd3 Bh4+ 32. Kg2 Rd8 33. Bd2
Rxd4 34. Rxd4 Bxf3+ 35. Kxf3 Rxd4 36. Bxa5 Bg5 37. Rc2 c6 38. Bc3 Rd1 39. Ke4
Rf1 40. Bd2 Rf2 41. Kd3 Bxd2 42. Rxd2 Rf4 43. Kc3 Rxg4 1/2-1/2

[Event "5th CHN-RUS"]
[Site "Ningpo CHN"]
[Date "2008.09.22"]
[Round "5"]
[White "Inarkiev, E."]
[Black "Ni Hua"]
[Result "1/2-1/2"]
[WhiteElo "2675"]
[BlackElo "2705"]
[PlyCount "31"]
[EventDate "2008.09.18"]
[SourceDate "1999.07.01"]

1. e4 e5 2. Nf3 Nc6 3. Bb5 Nf6 4. d3 Bc5 5. O-O d6 6. Nc3 O-O 7. Na4 Bb6 8. c3
Ne7 9. Nxb6 axb6 10. Ba4 Ng6 11. Bc2 Re8 12. Re1 h6 13. Nd2 d5 14. Nf1 Be6 15.
a3 c5 16. Bd2 1/2-1/2

[Event "TCh-SRB 1st League"]
[Site "Subotica SRB"]
[Date "2008.09.09"]
[Round "8"]
[White "Efimenko, Z."]
[Black "Naiditsch, A."]
[Result "1-0"]
[WhiteElo "2670"]
[BlackElo "2665"]
[PlyCount "45"]
[EventDate "2008.09.01"]
[SourceDate "1999.07.01"]

1. e4 e5 2. Nf3 Nc6 3. Bb5 Nf6 4. O-O Nxe4 5. d4 Nd6 6. Bxc6 dxc6 7. dxe5 Nf5
8. Qxd8+ Kxd8 9. Nc3 h6 10. h3 Bd7 11. b3 b6 12. Bb2 Ne7 13. Rad1 Kc8 14. Nd4
c5 15. Nde2 a5 16. Rd2 Nc6 17. Rfd1 Be6 18. Nf4 Bf5 19. g4 Be6 20. Nxe6 fxe6
21. Nb5 Rg8 22. Rd7 Bd6 23. R1xd6 1-0

[Event "61st ch-RUS HL"]
[Site "Novokuznetsk RUS"]
[Date "2008.09.08"]
[Round "6"]
[White "Timofeev, Arty"]
[Black "Landa, K."]
[Result "1-0"]
[WhiteElo "2650"]
[BlackElo "2615"]
[PlyCount "99"]
[EventDate "2008.09.03"]
[SourceDate "1999.07.01"]

1. e4 e5 2. Nf3 Nc6 3. Bb5 Nf6 4. O-O Nxe4 5. d4 Nd6 6. Bxc6 dxc6 7. dxe5 Nf5
8. Qxd8+ Kxd8 9. Nc3 Ke8 10. h3 Be7 11. Re1 Nh4 12. Nd4 Nf5 13. Nce2 a6 14. Nf3
Nh4 15. Nxh4 Bxh4 16. Be3 Be7 17. g4 h5 18. f3 hxg4 19. hxg4 Be6 20. Kg2 Rd8
21. Nf4 Bc8 22. Rh1 Rg8 23. Rh7 b6 24. Nh5 Bf8 25. Bh6 Bf5 26. Nxg7+ Bxg7 27.
Rxg7 Rxg7 28. Bxg7 Bxc2 29. Rh1 Rd3 30. Bf6 Kd7 31. Rh8 c5 32. f4 Bb1 33. Rf8
Kc6 34. Rxf7 Bxa2 35. Rg7 Bd5+ 36. Kh2 Rd2+ 37. Kg3 Rxb2 38. f5 a5 39. e6 Re2
40. g5 c4 41. Bd8 c3 42. Rxc7+ Kd6 43. Rxc3 Ke5 44. Rf3 Bxf3 45. Kxf3 Re1 46.
g6 Kd6 47. Bxb6 Rc1 48. g7 Rc8 49. Bxa5 Ke5 50. Kg4 1-0

[Event "TCh-ESP Hon Gp2"]
[Site "Sabadell ESP"]
[Date "2008.09.06"]
[Round "4"]
[White "Dominguez Perez, L."]
[Black "Eljanov, P."]
[Result "1/2-1/2"]
[WhiteElo "2708"]
[BlackElo "2716"]
[PlyCount "98"]
[EventDate "2008.09.03"]
[SourceDate "1999.07.01"]

1. e4 e5 2. Nf3 Nc6 3. Bb5 Nf6 4. O-O Nxe4 5. d4 Nd6 6. Bxc6 dxc6 7. dxe5 Nf5
8. Qxd8+ Kxd8 9. Nc3 Ne7 10. h3 Ng6 11. Bg5+ Ke8 12. Rad1 Bd7 13. Rd2 Be6 14.
Rfd1 Be7 15. Ne4 Bd5 16. Bxe7 Kxe7 17. Nc5 b6 18. Na6 Bxf3 19. Rd7+ Kf8 20.
gxf3 Nxe5 21. Rxc7 g5 22. Nb4 c5 23. Nc6 Nxc6 24. Rxc6 Kg7 25. Rd5 h6 26. Rc7
Rhc8 27. Rb7 Rc6 28. Rf5 Rf6 29. Rxf6 Kxf6 30. Kg2 Kg6 31. Kg3 f6 32. f4 Rd8
33. fxg5 hxg5 34. Rxa7 Rd2 35. Rb7 Rxc2 36. Rxb6 c4 37. a4 c3 38. b4 Rb2 39. b5
Rb4 40. Rc6 Rxa4 41. Rxc3 Rb4 42. Rc5 Rb3+ 43. Kg2 Kh5 44. Rd5 Kg6 45. Rc5 Kh5
46. Rc6 Rxb5 47. Rxf6 Rb3 48. Re6 g4 49. hxg4+ Kxg4 1/2-1/2